000 00458nam a2200133Ia 4500
008 191111s9999 xx 000 0 und d
020 _a9781785920332
100 _aCarne, Lisa.
245 _cLisa Carne.--
_aNatural curiosity :
_beducating and nurturing our children at home /
260 _aLondon :
_bJessica Kingsley Publisher
_c2016
300 _a176 pages.
650 _aEducation -- Parent participation
650 _aNatural history -- study and teaching
999 _c362640
_d362640